[Event "Titled Tuesday intern op 01st Apr Early"]
[Site "Chess.com INT"]
[Date "2025.04.01"]
[Round "2"]
[White "Reshetnikov, Alexey"]
[Black "Navumenka, Mikhei"]
[Result "0-1"]
[WhiteElo "2492"]
[BlackElo "2288"]
[PlyCount "130"]
[EventDate "2025.04.01"]
[EventType "swiss (blitz)"]
[EventRounds "11"]
[EventCountry "USA"]
[SourceTitle "CB15_2025"]
[SourceDate "2025.04.09"]
[SourceVersion "1"]
[SourceVersionDate "2025.04.09"]
[SourceQuality "1"]

1. d4 Nf6 2. c4 e6 3. Nc3 d5 4. Bg5 Be7 5. e3 0-0 6. Nf3 h6 7. Bh4 b6 8. Rc1 Bb7 9. cxd5 Nxd5 10. Bxe7 Qxe7 11. Nxd5 Bxd5 12. Be2 Bxa2 13. b3 Qb4+ 14. Nd2 c5 15. Rc4 Qa3 16. Qc1 Qxc1+ 17. Rxc1 Nc6 18. Bf3 Rac8 19. dxc5 Nb4 20. c6 Nd3+ 21. Ke2 Nxc1+ 22. Rxc1 Rfd8 23. Rc3 Kf8 24. c7 Rd7 25. Rc2 Bxb3 26. Nxb3 Rdxc7 27. Rxc7 Rxc7 28. Nd4 a5 29. Kd3 e5 30. Nb5 Rc5 31. Nc3 b5 32. Bd1 a4 33. e4 a3 34. Bb3 b4 35. Nd5 Rb5 36. Kc4 Ra5 37. Nxb4 f6 38. Na2 Ra7 39. Nc3 Rc7+ 40. Kd3 Rd7+ 41. Nd5 Rb7 42. Kc3 Rb8 43. g3 Rc8+ 44. Kd3 Ra8 45. Nc3 Rb8 46. Bd5 Rb2 47. f4 Rxh2 48. fxe5 f5 49. exf5 h5 50. Ke4 Rh3 51. Kf4 Rh2 52. Na2 Rd2 53. Be6 Ke7 54. Kg5 Rd3 55. Kxh5 Rxg3 56. Kh4 Rg2 57. Nc3 Rc2 58. Nd5+ Kf8 59. Nb4 Rb2 60. Kg5 Rxb4 61. f6 gxf6+ 62. exf6 Rb5+ 63. Kg6 Rb6 64. Bd5 Rb2 65. Bc4 a2 0-1

[Event "Titled Tuesday intern op 25th Mar Early"]
[Site "Chess.com INT"]
[Date "2025.03.25"]
[Round "9"]
[White "Navumenka, Mikhei"]
[Black "Tamano, Ruby"]
[Result "0-1"]
[WhiteElo "2288"]
[BlackElo "2173"]
[PlyCount "72"]
[EventDate "2025.03.25"]
[EventType "swiss (blitz)"]
[EventRounds "11"]
[EventCountry "USA"]
[SourceTitle "CB14_2025"]
[SourceDate "2024.11.01"]
[SourceVersion "1"]
[SourceVersionDate "2024.11.01"]
[SourceQuality "1"]

1. Nf3 Nf6 2. b3 g6 3. Bb2 Bg7 4. e4 d6 5. Bd3 c5 6. Nc3 Nc6 7. Qe2 a6 8. Nd5 e5 9. Nxf6+ Qxf6 10. h3 0-0 11. 0-0 b5 12. c3 Nd8 13. a4 Ne6 14. axb5 Nf4 15. Qe3 Bh6 16. Kh2 Kg7 17. bxa6 Nxg2 18. Kxg2 Bxe3 19. fxe3 Qe6 20. Rh1 Qxb3 21. Bc1 c4 22. Rb1 Qa2 23. Rb2 Qxa6 24. Be2 Bb7 25. h4 Bxe4 26. h5 g5 27. h6+ Kh8 28. Kg3 f5 29. Rh5 f4+ 30. exf4 gxf4+ 31. Kh2 Qc6 32. Ng5 Bg6 33. Rh3 Ra1 34. Bf3 e4 35. Rc2 exf3 36. Bb2 Rh1+ 0-1

[Event "Titled Tuesday intern op 25th Mar Early"]
[Site "Chess.com INT"]
[Date "2025.03.25"]
[Round "3"]
[White "Navumenka, Mikhei"]
[Black "Vainio, Ville"]
[Result "1-0"]
[WhiteElo "2288"]
[BlackElo "2178"]
[PlyCount "51"]
[EventDate "2025.03.25"]
[EventType "swiss (blitz)"]
[EventRounds "11"]
[EventCountry "USA"]
[SourceTitle "CB14_2025"]
[SourceDate "2024.11.01"]
[SourceVersion "1"]
[SourceVersionDate "2024.11.01"]
[SourceQuality "1"]

1. g3 d6 2. Bg2 e5 3. c4 f5 4. Nc3 Nf6 5. e3 Be7 6. Nge2 0-0 7. 0-0 c6 8. d4 e4 9. b4 d5 10. b5 dxc4 11. Qa4 Be6 12. Rb1 Qd7 13. Nf4 Bf7 14. h4 cxb5 15. Qxb5 b6 16. f3 Nc6 17. fxe4 fxe4 18. Nxe4 Nxe4 19. Bxe4 Rac8 20. Bf5 Qb7 21. Bxc8 Rxc8 22. Kh2 Bd6 23. Qf5 Rf8 24. Ne6 Re8 25. Ng5 Bg6 26. Qd5+ 1-0

[Event "Titled Tuesday intern op 04th Mar Early"]
[Site "Chess.com INT"]
[Date "2025.03.04"]
[Round "9"]
[White "Navumenka, Mikhei"]
[Black "Reprintsev, Alexander"]
[Result "0-1"]
[WhiteElo "2288"]
[BlackElo "2257"]
[PlyCount "104"]
[EventDate "2025.03.04"]
[EventType "swiss (blitz)"]
[EventRounds "11"]
[EventCountry "USA"]
[SourceTitle "CB11_2025"]
[SourceDate "2025.03.12"]
[SourceVersion "1"]
[SourceVersionDate "2025.03.12"]
[SourceQuality "1"]

1. e4 d5 2. exd5 Qxd5 3. Nc3 Qd6 4. d4 Nf6 5. Nf3 g6 6. g3 Bg7 7. Bf4 Qd8 8. Bg2 0-0 9. 0-0 Bg4 10. h3 Bxf3 11. Qxf3 c6 12. Rad1 e6 13. Be5 Nbd7 14. Ne4 Nxe4 15. Qxe4 Nxe5 16. dxe5 Qa5 17. Rd7 Rab8 18. f4 Qxa2 19. Qb4 Qa6 20. Kh2 h5 21. h4 Rfe8 22. Rfd1 Bf8 23. Qe4 Qb5 24. c4 Qxb2 25. g4 hxg4 26. h5 gxh5 27. Rxf7 Kxf7 28. Qh7+ Bg7 29. Rd7+ Re7 30. Rxe7+ Kxe7 31. Qxg7+ Kd8 32. Qf8+ Kc7 33. Qd6+ Kb6 34. Qxb8 Qd2 35. c5+ Ka6 36. Qf8 h4 37. Kg1 Qe3+ 38. Kh1 Qe1+ 39. Kh2 Qf2 40. Kh1 h3 41. Be4 Qe1+ 42. Kh2 Qxe4 43. Kg3 Qf3+ 44. Kh4 h2 45. Kg5 h1Q 46. Qd6 Qc1 47. Qd4 Qfxf4+ 48. Qxf4 Qxf4+ 49. Kxf4 Kb5 50. Kxg4 Kxc5 51. Kg5 Kd5 52. Kf6 c5 0-1

[Event "Minsk Bronstein Memorial"]
[Site "Minsk"]
[Date "2025.02.16"]
[Round "6"]
[White "Navumenka, Mikhei"]
[Black "Novikau, Mikita"]
[Result "1/2-1/2"]
[WhiteElo "2272"]
[BlackElo "1924"]
[PlyCount "142"]
[EventDate "2025.02.15"]
[EventType "swiss (rapid)"]
[EventRounds "10"]
[EventCountry "BLR"]
[SourceTitle "CB09_2025"]
[SourceDate "2025.02.27"]
[SourceVersion "1"]
[SourceVersionDate "2025.02.27"]
[SourceQuality "1"]

1. e4 d5 2. exd5 Qxd5 3. Nc3 Qd8 4. d4 Nf6 5. Nf3 Bg4 6. h3 Bxf3 7. Qxf3 c6 8. Be3 e6 9. Bd3 Nbd7 10. 0-0-0 Qc7 11. Kb1 0-0-0 12. g4 h6 13. h4 Bb4 14. Ne2 Rhf8 15. c4 e5 16. g5 hxg5 17. hxg5 e4 18. Bxe4 Nxe4 19. Qxe4 Rde8 20. Qf3 Nb6 21. Rc1 Qe7 22. a3 Bd2 23. Bxd2 Qxe2 24. Qxe2 Rxe2 25. Be3 f5 26. gxf6 Rxf6 27. b3 a5 28. a4 Nd7 29. Rcg1 Rf7 30. Rh8+ Kc7 31. Rh7 Nf6 32. Rhxg7 Rxg7 33. Rxg7+ Kc8 34. Re7 Ng4 35. Re8+ Kd7 36. Rb8 Nxe3 37. fxe3 Rxe3 38. Rxb7+ Kc8 39. Ra7 Rxb3+ 40. Kc2 Rb4 41. Rxa5 Rxc4+ 42. Kd3 Rb4 43. Kc3 Rb7 44. Kc4 Rb1 45. Ra7 Rc1+ 46. Kb4 Rb1+ 47. Kc5 Rc1+ 48. Kb4 Rb1+ 49. Kc4 Rc1+ 50. Kb4 Rb1+ 51. Kc3 Rc1+ 52. Kd3 Kb8 53. Ra5 Kb7 54. Rc5 Rd1+ 55. Ke4 Re1+ 56. Kf5 Re2 57. a5 Re1 58. Kf4 Re2 59. Kf5 Re1 60. a6+ Kb6 61. a7 Re8 62. Kf6 Rc8 63. Ke7 Kxa7 64. Kd7 Kb7 65. d5 Rc7+ 66. Kd6 Rh7 67. dxc6+ Kc8 68. Rg5 Rh6+ 69. Kc5 Rh2 70. Rg8+ Kc7 71. Rg7+ Kc8 1/2-1/2

[Event "Orsha op-A 23rd"]
[Site "Orsha"]
[Date "2025.02.05"]
[Round "4"]
[White "Navumenka, Mikhei"]
[Black "Kasperovich, Mikhail"]
[Result "1-0"]
[WhiteElo "2272"]
[BlackElo "1706"]
[PlyCount "71"]
[EventDate "2025.02.03"]
[EventType "swiss"]
[EventRounds "9"]
[EventCountry "BLR"]
[SourceTitle "CB07_2025"]
[SourceDate "2025.02.12"]
[SourceVersion "1"]
[SourceVersionDate "2025.02.12"]
[SourceQuality "1"]

1. d4 Nf6 2. Nf3 e6 3. c4 d5 4. g3 Bb4+ 5. Nbd2 0-0 6. Bg2 dxc4 7. 0-0 c5 8. Nxc4 cxd4 9. Nxd4 Bc5 10. Nb5 a6 11. Nbd6 Ra7 12. b4 Bxd6 13. Be3 b5 14. Qxd6 Qxd6 15. Nxd6 Rd7 16. Bc5 Rfd8 17. Rac1 Ne8 18. Ne4 Bb7 19. Bb6 Rc8 20. Nc5 Bxg2 21. Nxd7 Rxc1 22. Rxc1 Nxd7 23. Rc8 Kf8 24. Bc7 Ke7 25. Kxg2 Ndf6 26. Ba5 Nd5 27. e4 Nd6 28. Rc6 Nxe4 29. Rxa6 Nec3 30. a3 Nb1 31. Ra7+ Ke8 32. a4 Nbc3 33. Ra8+ Kd7 34. axb5 Nxb5 35. Rg8 g6 36. Rg7 1-0

[Event "BLR-ch 91st"]
[Site "Minsk"]
[Date "2025.01.19"]
[Round "10"]
[White "Navumenka, Mikhei"]
[Black "Bialiauski, Artsiom"]
[Result "0-1"]
[WhiteElo "2257"]
[BlackElo "1994"]
[PlyCount "106"]
[EventDate "2025.01.10"]
[EventType "tourn"]
[EventRounds "11"]
[EventCountry "BLR"]
[EventCategory "4"]
[SourceTitle "CB04_2025"]
[SourceDate "2025.01.22"]
[SourceVersion "1"]
[SourceVersionDate "2025.01.22"]
[SourceQuality "1"]

1. e4 e5 2. Bc4 Nf6 3. Nc3 Be7 4. Nf3 d6 5. 0-0 0-0 6. d4 exd4 7. Nxd4 a6 8. Bf4 Re8 9. a4 Nc6 10. Re1 Ne5 11. Bf1 Ng6 12. Bg3 Bf8 13. h3 Bd7 14. Qf3 c5 15. Nf5 Ne5 16. Bxe5 Rxe5 17. Bc4 d5 18. Nxd5 Nxd5 19. Bxd5 Bxf5 20. Red1 Bg6 21. Bxf7+ Bxf7 22. Rxd8 Rxd8 23. Re1 b5 24. axb5 axb5 25. Qf4 Ree8 26. e5 c4 27. Qg5 Be6 28. Re2 b4 29. Kh2 c3 30. bxc3 bxc3 31. Re3 Rd2 32. Qg3 Rc8 33. Rxc3 Rxc3 34. Qxc3 Rxf2 35. Qc6 Kf7 36. Qe4 Be7 37. c4 h5 38. Qe3 Rf5 39. c5 Bg5 40. Qd3 Bf4+ 41. Kg1 Bxe5 42. c6 h4 43. Qb1 Bg3 44. Qb7+ Kg6 45. c7 Re5 46. Qb1+ Kf7 47. Kf1 Re1+ 48. Qxe1 Bxe1 49. Kxe1 Kf6 50. Kf2 Bc8 51. Kf3 Kf5 52. g4+ hxg3 53. Kxg3 Kg5 0-1

[Event "BLR-ch 91st"]
[Site "Minsk"]
[Date "2025.01.17"]
[Round "8"]
[White "Navumenka, Mikhei"]
[Black "Zarubitski, Viachaslau"]
[Result "0-1"]
[WhiteElo "2257"]
[BlackElo "2398"]
[PlyCount "74"]
[EventDate "2025.01.10"]
[EventType "tourn"]
[EventRounds "11"]
[EventCountry "BLR"]
[EventCategory "4"]
[SourceTitle "CB04_2025"]
[SourceDate "2025.01.22"]
[SourceVersion "1"]
[SourceVersionDate "2025.01.22"]
[SourceQuality "1"]

1. e4 c5 2. Nc3 Nc6 3. Bb5 Nd4 4. Bc4 a6 5. a4 e6 6. Nge2 Nf6 7. 0-0 Nxe4 8. Nxd4 Nd6 9. Nxe6 dxe6 10. Be2 Nf5 11. Ne4 Be7 12. Bc4 Bd7 13. a5 Bc6 14. d3 Qc7 15. Re1 Rd8 16. Qg4 h5 17. Bf4 hxg4 18. Bxc7 Rc8 19. Be5 Kd7 20. Rad1 f6 21. Bf4 e5 22. Be3 Nxe3 23. Rxe3 f5 24. Nd2 Bf6 25. f3 gxf3 26. Nxf3 Kd6 27. c3 g5 28. h3 f4 29. Ree1 Bxf3 30. gxf3 Rxh3 31. Kg2 g4 32. fxg4 Rch8 33. Rg1 f3+ 34. Kf1 Bg5 35. Re1 Rf8 36. d4 f2 37. dxe5+ Ke7 0-1

[Event "BLR-ch 91st"]
[Site "Minsk"]
[Date "2025.01.14"]
[Round "5"]
[White "Navumenka, Mikhei"]
[Black "Aleksandrov, Aleksej"]
[Result "1/2-1/2"]
[WhiteElo "2257"]
[BlackElo "2415"]
[PlyCount "128"]
[EventDate "2025.01.10"]
[EventType "tourn"]
[EventRounds "11"]
[EventCountry "BLR"]
[EventCategory "4"]
[SourceTitle "CB04_2025"]
[SourceDate "2025.01.22"]
[SourceVersion "1"]
[SourceVersionDate "2025.01.22"]
[SourceQuality "1"]

1. d4 Nf6 2. Nf3 d5 3. c4 e6 4. g3 Bb4+ 5. Bd2 a5 6. Bg2 0-0 7. 0-0 dxc4 8. Qc2 Bxd2 9. Nbxd2 b5 10. a4 c6 11. b3 cxb3 12. Nxb3 Ba6 13. Rfd1 bxa4 14. Rxa4 Bb5 15. Raa1 Nbd7 16. Ne5 a4 17. Nc5 Nxc5 18. Qxc5 Nd7 19. Nxd7 Qxd7 20. e3 Ra6 21. Rdc1 Re8 22. Qb4 e5 23. dxe5 Rxe5 24. Rd1 Qc7 25. Bh3 Re8 26. Qc5 Raa8 27. Bg2 h6 28. Rdc1 Re5 29. Qd4 Re6 30. Qc5 Rd8 31. Bf3 Qb8 32. Bd1 Re4 33. Bc2 Re5 34. Qc3 Red5 35. Bxa4 Rd3 36. Qa5 Qe5 37. Bxb5 cxb5 38. Rab1 R8d5 39. Qb4 Rd2 40. Qf4 Qe6 41. e4 Rd8 42. Rxb5 Re2 43. Re5 Qf6 44. Qxf6 gxf6 45. Rf5 Rxe4 46. Rxf6 Kg7 47. Rcc6 h5 48. h3 Rd5 49. Kg2 Ree5 50. g4 hxg4 51. hxg4 Rc5 52. Kg3 Rxc6 53. Rxc6 Ra5 54. f4 Ra3+ 55. Kh4 Ra4 56. Kg5 Ra5+ 57. f5 Rb5 58. Rc4 Ra5 59. Kh5 Rb5 60. Rf4 Rb1 61. f6+ Kh7 62. Kg5 Rb5+ 63. Rf5 Rb1 64. Re5 Ra1 1/2-1/2

[Event "Minsk Bronstein Memorial op"]
[Site "Minsk"]
[Date "2024.07.19"]
[Round "9"]
[White "Navumenka, Mikhei"]
[Black "Savelev, Matvei"]
[Result "1-0"]
[WhiteElo "2238"]
[BlackElo "1966"]
[PlyCount "115"]
[EventDate "2024.07.12"]
[EventType "swiss"]
[EventRounds "10"]
[EventCountry "BLR"]
[SourceTitle "EXT 2025"]
[Source "ChessBase"]
[SourceDate "2024.10.14"]
[SourceVersion "1"]
[SourceVersionDate "2024.10.14"]
[SourceQuality "1"]

1. d4 f5 2. c4 Nf6 3. Nf3 e6 4. Nc3 d5 5. Bf4 c6 6. e3 Bd6 7. Bd3 Bxf4 8. exf4 a5 9. 0-0 0-0 10. Ne5 Ne4 11. Ne2 Nd7 12. Qc2 Nd6 13. c5 Nf7 14. a3 Ndxe5 15. fxe5 Qh4 16. f4 Bd7 17. Nc3 g5 18. g3 Qh6 19. Qc1 gxf4 20. Qxf4 Qxf4 21. gxf4 Nh8 22. Na4 Ng6 23. Nb6 Rad8 24. Be2 Ne7 25. Kf2 Nc8 26. Rg1+ Kh8 27. Na4 Be8 28. Rg3 Rg8 29. Rag1 Rxg3 30. hxg3 Bg6 31. Rb1 Rd7 32. b4 axb4 33. Rxb4 Be8 34. g4 fxg4 35. Bxg4 Re7 36. Nc3 Bg6 37. Ke3 Kg7 38. a4 Kf7 39. Ne2 Rc7 40. f5 exf5 41. Bf3 Ne7 42. Nf4 Ng8 43. Nxd5 Rd7 44. Nb6 Rd8 45. d5 Nh6 46. dxc6 bxc6 47. a5 f4+ 48. Rxf4+ Ke6 49. a6 Rd3+ 50. Kf2 Rd2+ 51. Ke1 Rb2 52. a7 Rb1+ 53. Kd2 Rb2+ 54. Kc3 Rc2+ 55. Kb3 Kxe5 56. Rc4 Rf2 57. a8Q Rxf3+ 58. Kb4 1-0

[Event "Minsk Bronstein Memorial op"]
[Site "Minsk"]
[Date "2024.07.17"]
[Round "7"]
[White "Navumenka, Mikhei"]
[Black "Gorovets, Andrey"]
[Result "1/2-1/2"]
[WhiteElo "2238"]
[BlackElo "2480"]
[PlyCount "51"]
[EventDate "2024.07.12"]
[EventType "swiss"]
[EventRounds "10"]
[EventCountry "BLR"]
[SourceTitle "EXT 2025"]
[Source "ChessBase"]
[SourceDate "2024.10.14"]
[SourceVersion "1"]
[SourceVersionDate "2024.10.14"]
[SourceQuality "1"]

1. d4 Nf6 2. Nf3 e6 3. c4 c5 4. d5 d6 5. Nc3 exd5 6. cxd5 g6 7. g3 Bg7 8. Bg2 0-0 9. 0-0 Re8 10. Bf4 Na6 11. Re1 Bg4 12. h3 Bf5 13. g4 Be4 14. Nxe4 Nxe4 15. Rb1 Qf6 16. e3 g5 17. Bh2 Rac8 18. Qe2 Nb4 19. a3 Nxd5 20. Nd2 Nxd2 21. Qxd2 Nb6 22. Bxb7 Rb8 23. Bc6 Nc4 24. Qd5 Rec8 25. Qxc4 Rxc6 26. b4 1/2-1/2

[Event "Minsk Bronstein Memorial op"]
[Site "Minsk"]
[Date "2024.07.16"]
[Round "6"]
[White "Navumenka, Mikhei"]
[Black "Bendik, Margarita"]
[Result "1-0"]
[WhiteElo "2238"]
[BlackElo "1888"]
[PlyCount "107"]
[EventDate "2024.07.12"]
[EventType "swiss"]
[EventRounds "10"]
[EventCountry "BLR"]
[SourceTitle "EXT 2025"]
[Source "ChessBase"]
[SourceDate "2024.10.14"]
[SourceVersion "1"]
[SourceVersionDate "2024.10.14"]
[SourceQuality "1"]

1. d4 Nf6 2. Nf3 c6 3. c4 d5 4. g3 Bf5 5. Bg2 e6 6. 0-0 Be7 7. Nc3 Nbd7 8. Qb3 Qb6 9. c5 Qxb3 10. axb3 0-0 11. b4 b6 12. Bf4 a5 13. cxb6 Bxb4 14. Na4 Bc2 15. Bc7 Bxa4 16. Rxa4 Rac8 17. Ne5 Nxe5 18. Bxe5 Nd7 19. b7 Rce8 20. Bc7 Re7 21. Bxa5 Bxa5 22. Rxa5 Nb8 23. Ra7 f5 24. Rc1 Kf7 25. Rc3 Rd8 26. Rb3 Ke8 27. e3 Kd7 28. f3 Kc7 29. Kf2 g5 30. Bf1 h5 31. h3 Rf7 32. Ra1 Kd6 33. Be2 Kc7 34. Rc1 Kd6 35. Ra1 Kc7 36. h4 g4 37. Kg2 Rdf8 38. Rf1 Kd6 39. fxg4 fxg4 40. Rf4 Rxf4 41. exf4 Nd7 42. Bd3 Rb8 43. Bg6 Nf6 44. Kf2 Kc7 45. Ke3 Rxb7 46. Rxb7+ Kxb7 47. f5 exf5 48. Kf4 c5 49. Kxf5 Ne4 50. Kf4 Nf2 51. dxc5 d4 52. Bxh5 Kc6 53. Bg6 Kxc5 54. h5 1-0

[Event "RUS-chT 31th"]
[Site "Sochi"]
[Date "2024.05.10"]
[Round "9.11"]
[White "Malakhov, Vladimir"]
[Black "Navumenka, Mikhei"]
[Result "1-0"]
[WhiteElo "2648"]
[BlackElo "2242"]
[PlyCount "69"]
[EventDate "2024.05.01"]
[EventType "team-tourn"]
[EventRounds "9"]
[EventCountry "RUS"]
[SourceTitle "CBM 220 Extra"]
[Source "ChessBase"]
[SourceDate "2024.07.31"]
[SourceVersion "1"]
[SourceVersionDate "2024.07.31"]
[SourceQuality "1"]
[WhiteTeam "Moscow KPRF"]
[BlackTeam "Belarus"]
[WhiteTeamCountry "RUS"]
[BlackTeamCountry "BLR"]

1. Nf3 Nf6 2. c4 e6 3. Nc3 d5 4. e3 c5 5. cxd5 Nxd5 6. Bc4 Nc6 7. 0-0 Be7 8. Qe2 Nxc3 9. bxc3 Na5 10. Bb5+ Bd7 11. Ne5 Nc6 12. Nxd7 Qxd7 13. d4 0-0 14. Rd1 Rfd8 15. Bb2 Qc7 16. Bd3 g6 17. Be4 Rac8 18. g3 Bf6 19. h4 e5 20. dxc5 Na5 21. Qf3 Be7 22. Bd5 Bxc5 23. c4 Qe7 24. h5 Nc6 25. Kg2 Kg7 26. Rh1 f6 27. hxg6 hxg6 28. Rh4 Rh8 29. Rah1 Rxh4 30. Rxh4 Qd7 31. g4 Rh8 32. Rxh8 Kxh8 33. Qxf6+ Kh7 34. Qh4+ Kg7 35. g5 1-0

[Event "BLR-ch U18"]
[Site "Rogachev"]
[Date "2024.02.03"]
[Round "1"]
[White "Kaniusheuski, Raman"]
[Black "Navumenka, Mikhei"]
[Result "0-1"]
[WhiteElo "1681"]
[BlackElo "2234"]
[PlyCount "116"]
[EventDate "2024.02.03"]
[EventType "swiss"]
[EventRounds "9"]
[EventCountry "BLR"]
[SourceTitle "EXT 2025"]
[Source "ChessBase"]
[SourceDate "2024.10.14"]
[SourceVersion "1"]
[SourceVersionDate "2024.10.14"]
[SourceQuality "1"]

1. e4 e6 2. d4 d5 3. e5 c5 4. c3 Nc6 5. Nf3 Qb6 6. a3 Nge7 7. b4 cxd4 8. cxd4 Nf5 9. Bb2 Bd7 10. g4 Nfe7 11. Nc3 h5 12. g5 Na5 13. Na4 Qc6 14. bxa5 Qxa4 15. Qxa4 Bxa4 16. Bc3 a6 17. Kd2 Nc6 18. Rb1 Ra7 19. Bd3 Be7 20. Bb4 Kd7 21. Rhc1 Rc8 22. Bxe7 Kxe7 23. Rc5 Kd7 24. Ke3 g6 25. Rbc1 Raa8 26. Rb1 Rc7 27. Ng1 Na7 28. Ne2 Rac8 29. Nc3 Rxc5 30. dxc5 Bc6 31. Ne2 Bb5 32. Nd4 Rxc5 33. Nxb5 axb5 34. Kd4 Rc7 35. f4 Nc6+ 36. Ke3 Nxa5 37. Bxb5+ Ke7 38. Kd3 b6 39. a4 Nb7 40. Rb2 Nc5+ 41. Kd4 Nxa4 42. Rb4 Nc5 43. Be2 Nd7 44. Rb2 Ra7 45. Bb5 Ra1 46. Ke3 Ra3+ 47. Kf2 Nc5 48. Be2 Rb3 49. Rxb3 Nxb3 50. Ke3 Na5 51. Bb5 Nc4+ 52. Kd3 Na3 53. Bc6 b5 54. Kc3 h4 55. Kb4 Nc2+ 56. Kc3 Ne3 57. Bxb5 Ng2 58. Kd2 Nxf4 0-1

[Event "Orsha"]
[Site "Orsha"]
[Date "2023.12.26"]
[Round "9"]
[White "Shturman, Arseniy"]
[Black "Navumenka, Mikhei"]
[Result "1/2-1/2"]
[WhiteElo "2224"]
[BlackElo "2220"]
[PlyCount "46"]
[EventDate "2023.12.21"]
[EventType "schev"]
[EventRounds "9"]
[EventCountry "BLR"]
[SourceTitle "EXT 2025"]
[Source "ChessBase"]
[SourceDate "2024.10.14"]
[SourceVersion "1"]
[SourceVersionDate "2024.10.14"]
[SourceQuality "1"]
[WhiteTeam "RedTeam"]
[BlackTeam "RedTeam"]

1. e4 c6 2. d4 d5 3. e5 c5 4. Nf3 cxd4 5. Qxd4 Nc6 6. Qf4 e6 7. Bd3 Nb4 8. 0-0 Nxd3 9. cxd3 Ne7 10. Nc3 Ng6 11. Qg3 Be7 12. Ne2 0-0 13. Nf4 Bd7 14. Nxg6 fxg6 15. Be3 Rc8 16. Nd4 Qa5 17. Qg4 Qa6 18. Qe2 Rc7 19. a3 Rfc8 20. Rfc1 Rxc1+ 21. Rxc1 Rxc1+ 22. Bxc1 Bc5 23. Be3 Bxd4 1/2-1/2

[Event "Orsha"]
[Site "Orsha"]
[Date "2023.12.25"]
[Round "7"]
[White "Sitnikov, Anton"]
[Black "Navumenka, Mikhei"]
[Result "1-0"]
[WhiteElo "2356"]
[BlackElo "2220"]
[PlyCount "95"]
[EventDate "2023.12.21"]
[EventType "schev"]
[EventRounds "9"]
[EventCountry "BLR"]
[SourceTitle "EXT 2025"]
[Source "ChessBase"]
[SourceDate "2024.10.14"]
[SourceVersion "1"]
[SourceVersionDate "2024.10.14"]
[SourceQuality "1"]
[WhiteTeam "ExpertsTeam"]
[BlackTeam "ExpertsTeam"]

1. e4 e6 2. d4 d5 3. exd5 exd5 4. Nf3 Nf6 5. Bd3 Bd6 6. Qe2+ Qe7 7. Qxe7+ Kxe7 8. 0-0 Re8 9. Nc3 c6 10. Bg5 h6 11. Rae1+ Be6 12. Bd2 Kf8 13. Ne5 Nbd7 14. f4 Nb6 15. f5 Bd7 16. Bf4 Be7 17. g4 c5 18. Nxd7+ Nbxd7 19. Nb5 Rac8 20. Nd6 Bxd6 21. Bxd6+ Kg8 22. dxc5 Nxc5 23. Bxc5 Rxc5 24. Rxe8+ Nxe8 25. Kf2 Nf6 26. h3 Kf8 27. Ke3 Ke7 28. a4 Kd6 29. Kd4 Rc8 30. Re1 Nd7 31. b4 Nb8 32. b5 Nd7 33. a5 a6 34. bxa6 bxa6 35. Bxa6 Ra8 36. Bb5 Rxa5 37. Bxd7 Kxd7 38. Re5 Ra4+ 39. Kxd5 Ra3 40. h4 Rc3 41. Re2 Rf3 42. h5 g6 43. hxg6 fxg6 44. Ke5 gxf5 45. gxf5 Ke7 46. c4 Rf1 47. c5 h5 48. Rh2 1-0

[Event "Orsha"]
[Site "Orsha"]
[Date "2023.12.24"]
[Round "5"]
[White "Lysenko, Margarita"]
[Black "Navumenka, Mikhei"]
[Result "1/2-1/2"]
[WhiteElo "2249"]
[BlackElo "2220"]
[PlyCount "45"]
[EventDate "2023.12.21"]
[EventType "schev"]
[EventRounds "9"]
[EventCountry "BLR"]
[SourceTitle "EXT 2025"]
[Source "ChessBase"]
[SourceDate "2024.10.14"]
[SourceVersion "1"]
[SourceVersionDate "2024.10.14"]
[SourceQuality "1"]
[WhiteTeam "GreenTeam"]
[BlackTeam "GreenTeam"]

1. e4 e6 2. d4 d5 3. Nc3 Nf6 4. Bg5 dxe4 5. Nxe4 Be7 6. Nxf6+ Bxf6 7. Bxf6 Qxf6 8. Nf3 0-0 9. Qd3 c5 10. 0-0-0 Rd8 11. Qe4 Nc6 12. Bd3 Qh6+ 13. Kb1 Nxd4 14. Rhe1 Bd7 15. Nxd4 cxd4 16. Qxb7 Qf6 17. Qe4 g6 18. f4 Rab8 19. g4 Qh4 20. Rg1 Bb5 21. Bxb5 Rxb5 22. Rg2 h5 23. gxh5 1/2-1/2

[Event "Orsha"]
[Site "Orsha"]
[Date "2023.12.24"]
[Round "6"]
[White "Navumenka, Mikhei"]
[Black "Teterev, Vitaly"]
[Result "1-0"]
[WhiteElo "2220"]
[BlackElo "2288"]
[PlyCount "105"]
[EventDate "2023.12.21"]
[EventType "schev"]
[EventRounds "9"]
[EventCountry "BLR"]
[SourceTitle "EXT 2025"]
[Source "ChessBase"]
[SourceDate "2024.10.14"]
[SourceVersion "1"]
[SourceVersionDate "2024.10.14"]
[SourceQuality "1"]
[BlackTeam "ExpertsTeam"]

1. d4 Nf6 2. Nf3 g6 3. g3 Bg7 4. Bg2 d5 5. c4 c6 6. 0-0 0-0 7. cxd5 cxd5 8. Nc3 e6 9. Bf4 Nc6 10. Qd3 b6 11. Rfc1 Bb7 12. Nb5 Ne8 13. Ne5 Ne7 14. h4 a6 15. Nc3 Nd6 16. Na4 f6 17. Nf3 Nec8 18. Nd2 Qd7 19. b3 Ra7 20. Re1 Nf5 21. Nf3 Bc6 22. Rac1 h6 23. g4 Nfe7 24. Bg3 g5 25. hxg5 hxg5 26. Nc3 Nd6 27. Nd2 Re8 28. e4 dxe4 29. Ndxe4 Nf7 30. Qd2 Rd8 31. Rcd1 Nd5 32. Nxd5 exd5 33. Nc3 Qxg4 34. Qd3 Qd7 35. Qg6 Nh8 36. Qh5 Qf7 37. Qg4 Ng6 38. Qe6 Qxe6 39. Rxe6 Ne7 40. Bd6 Nf5 41. Ba3 Rc7 42. Bh3 Bd7 43. Nxd5 Bxe6 44. Nxc7 Bd7 45. d5 Ne3 46. Bxd7 Nxd1 47. Be6+ Kh7 48. Be7 Rb8 49. Nxa6 Ra8 50. Nc7 Rb8 51. d6 Bf8 52. Nd5 Nb2 53. d7 1-0

[Event "Orsha"]
[Site "Orsha"]
[Date "2023.12.22"]
[Round "2"]
[White "Navumenka, Mikhei"]
[Black "Maneluk, Daniil"]
[Result "1/2-1/2"]
[WhiteElo "2220"]
[BlackElo "2256"]
[PlyCount "49"]
[EventDate "2023.12.21"]
[EventType "schev"]
[EventRounds "9"]
[EventCountry "BLR"]
[SourceTitle "EXT 2025"]
[Source "ChessBase"]
[SourceDate "2024.10.14"]
[SourceVersion "1"]
[SourceVersionDate "2024.10.14"]
[SourceQuality "1"]
[BlackTeam "GreenTeam"]

1. d4 Nf6 2. Nf3 c5 3. d5 b5 4. Bg5 Qb6 5. Bxf6 Qxf6 6. c3 d6 7. e3 a6 8. a4 b4 9. cxb4 Qxb2 10. Nbd2 Qxb4 11. a5 Bd7 12. Bd3 g6 13. 0-0 Bg7 14. Nc4 0-0 15. Ra3 Ra7 16. Rb3 Qa4 17. Nfd2 Bb5 18. Bc2 Qxc4 19. Nxc4 Bxc4 20. Bd3 Bxb3 21. Qxb3 Nd7 22. Rb1 Rb8 23. Qc2 Rb4 24. g3 Bf6 25. Qe2 1/2-1/2